000
00337 a2200109 4500
001
ART_41865
005
20260410162023.0
008
260409a
245
1
0
_a
La tendencia actual a ampliar la legitimación activa
100
1
_a
Vásquez, María G.
773
0
_t
Jurisprudencia Argentina
_g
- Nº 1 (abr. 2006)
_w
REV41622
999
_c
33343
_d
33343